000 00606cam1a220021700 4500
001 zam00002376
008 951128s1961 xx eng u
035 _a(Sirsi) r19752
035 _a(MACHINE)SLC.
100 _aAlbers, H. H.
_6A80754.1
245 1 0 _aPrinciples of organization and management.
260 _c1961.
949 _aHD31
_wlcc
_c 1
_mMAIN
_p2500
_tSHORTLOAN
_lSHORTLOAN
004 19752
591 _aClass code: PA 310.
591 _aCourse: Organisation theory.
591 _aSchool: S05.
591 _aLecturer: Mr. MBULAI, F.
591 _aNumber of Students: 68.
909 _aBook
999 _c8327
_d8327